Datum a čas kvízu
25
Celkem bodů
Celkový počet nahraných bodů na tomto kvízu bez doplňovacích otázek.
9.
Pořadí na kvízu
Konečné umístění týmu na tomto kvízu.
Zaznamenané odpovědi
| # | Otázka | Odpověď | Body | Výsledky |
|---|---|---|---|---|
| 1. | Ve vinici u Velkých Pavlovic n... | Frankovku | 0 | |
| 2. | Při rekonstrukci budovy radnic... | Andy Warhol | 0 | |
| 3. | Ve čtvrtek se odehrálo slavnos... | Letnice | 0 | |
| 4. | Sněmovna minulý týden ve třetí... | mařiče energií (elektřiny) | 0 | |
| 5. | Česká sportovkyně Renata Zacho... | v judu | 1 | |
| 6. | Opuštěné budovy mají pro řadu... | B) urbex | 1 | |
| 7. | Mezi nejslavnější opuštěná měs... | 1986 | 1 | |
| 8. | Namibijské město Kolmanskop je... | diamanty | 0 | |
| 9. | Velmi smutný osud potkal celou... | Sarajevo, 1984 | 1 | |
| 10. | Toto opuštěné městečko, působí... | v Turecku | 1 |